| 000 | 00589nam a22001937a 4500 | ||
|---|---|---|---|
| 003 | OSt | ||
| 005 | 20180116183045.0 | ||
| 008 | 160505b xxu||||| |||| 00| 0 eng d | ||
| 020 | _a9789495623725 | ||
| 040 | _c0 | ||
| 082 | _a891.43915 MAL 2015 | ||
| 100 | _aDr. Nadeem Shafiq Malik | ||
| 245 |
_aGlobal Imprints & Appreciation of Allama Iqbal _cDr. Nadeem Shafiq Malik |
||
| 260 |
_aLahore _bSayyed Muhammad Shah Printers, Lahore _c2015 |
||
| 300 |
_a223 p. _bHB |
||
| 440 | _aGlobal Imprints & Appreciation of Allama Iqbal | ||
| 600 | _aDr. Nadeem Shafiq Malik | ||
| 942 |
_2ddc _cBK |
||
| 999 |
_c351379 _d351379 |
||